Recovering nonviolent history : (Record no. 16385)

000 -LEADER
fixed length control field 01128cam a2200301 i 4500
001 - CONTROL NUMBER
control field 17528709
005 - DATE AND TIME OF LATEST TRANSACTION
control field 20170105102938.0
008 - FIXED-LENGTH DATA ELEMENTS--GENERAL INFORMATION
fixed length control field 121114s2012 cou b 001 0 eng
010 ## - LIBRARY OF CONGRESS CONTROL NUMBER
LC control number 2012037146
020 ## - INTERNATIONAL STANDARD BOOK NUMBER
International Standard Book Number 9781588268709 (alk. paper)
020 ## - INTERNATIONAL STANDARD BOOK NUMBER
International Standard Book Number 9781588268952 (pbk. : alk. paper)
040 ## - CATALOGING SOURCE
Original cataloging agency DLC
Language of cataloging eng
Transcribing agency DLC
Description conventions rda
Modifying agency DLC
042 ## - AUTHENTICATION CODE
Authentication code pcc
050 00 - LIBRARY OF CONGRESS CALL NUMBER
Classification number HM1281
Item number .R435 2012
082 00 - DEWEY DECIMAL CLASSIFICATION NUMBER
Classification number 303.61
Edition number 23
Author Mark REC 2013
245 00 - TITLE STATEMENT
Title Recovering nonviolent history :
Remainder of title civil resistance in liberation struggles /
Statement of responsibility, etc. edited by Maciej J. Bartkowski.
260 ## - PUBLICATION, DISTRIBUTION, ETC.
Place of publication, distribution, etc. America
Name of publisher, distributor, etc. Lynnes Rienner Publisher
Date of publication, distribution, etc. 2013
300 ## - PHYSICAL DESCRIPTION
Extent xii, 436 pages ;
Dimensions 24 cm
504 ## - BIBLIOGRAPHY, ETC. NOTE
Bibliography, etc. note Includes bibliographical references and index.
650 #0 - SUBJECT ADDED ENTRY--TOPICAL TERM
Topical term or geographic name entry element Nonviolence.
650 #0 - SUBJECT ADDED ENTRY--TOPICAL TERM
Topical term or geographic name entry element Civil disobedience.
650 #0 - SUBJECT ADDED ENTRY--TOPICAL TERM
Topical term or geographic name entry element Government, Resistance to.
650 #0 - SUBJECT ADDED ENTRY--TOPICAL TERM
Topical term or geographic name entry element National liberation movements.
700 1# - ADDED ENTRY--PERSONAL NAME
Personal name Bartkowski, Maciej J.,
Dates associated with a name 1976-
Relator term editor of compilation.
906 ## - LOCAL DATA ELEMENT F, LDF (RLIN)
a 7
b cbc
c orignew
d 1
e ecip
f 20
g y-gencatlg
942 ## - ADDED ENTRY ELEMENTS (KOHA)
Source of classification or shelving scheme
Koha item type Book
Holdings
Withdrawn status Lost status Damaged status Not for loan Collection code Permanent Location Current Location Shelving location Date acquired Total Checkouts Full call number Barcode Date last seen Price effective from Koha item type
          Centre for International Peace & Stability (CIPS) Centre for International Peace & Stability (CIPS) General Stacks 04/07/2016   303.61 REC 2013 CIPSD0000433 04/07/2016 04/07/2016 Book
© 2023 Central Library, National University of Sciences and Technology. All Rights Reserved.